Estudio Mundial del Café

Bibliographic Details
Main Authors: Krug, C. A, Poerck, R. A
Format: Section = Libro
Language:Undetermined
Spanish
Published: Italia FAO 1969
Subjects:
LEADER 00445nam a2200181Ia 4500
008 240830s9999 xx 000 0 und d
040 |a B-ESTELÍ- RUACS / 338.17373 K94 
041 |a spa 
082 |a 338.17373 K94 
100 1 |a Krug, C. A 
100 1 |b  Poerck, R. A 
245 1 0 |a Estudio Mundial del Café 
260 |a Italia  |b FAO  |c 1969 
300 |a 507 p. 
650 7 |a ESTUDIO MUNDIAL DEL CAFE 
942 |c BK  |2 ddc 
991 |a TEXTO 
999 |c 10781